[Event "Chess.com Bullet op1"]
[Site "Chess.com INT"]
[Date "2020.12.19"]
[Round "1"]
[White "Todev, Simeon"]
[Black "Shetty, Atulya"]
[Result "0-1"]
[WhiteElo "2001"]
[BlackElo "2437"]
[PlyCount "128"]
[EventDate "2020.12.19"]
[EventType "swiss (blitz)"]
[EventRounds "21"]
[EventCountry "USA"]
[SourceTitle "EXT 2022"]
[Source "ChessBase"]
[SourceDate "2021.10.06"]
[SourceVersion "1"]
[SourceVersionDate "2021.10.06"]
[SourceQuality "1"]

1. e4 c5 2. Nf3 d6 3. c3 Nf6 4. Bd3 Nbd7 5. Bc2 b6 6. 0-0 Bb7 7. Re1 g6 8. d4 cxd4 9. cxd4 Bg7 10. Nc3 0-0 11. Bg5 Rc8 12. e5 dxe5 13. dxe5 Ng4 14. e6 fxe6 15. Rxe6 Bxf3 16. gxf3 Ngf6 17. Bb3 Kh8 18. Nd5 Nc5 19. Nxf6 exf6 20. Rd6 Qe7 21. Bf4 Rcd8 22. Bg3 Nxb3 23. axb3 Rfe8 24. Rxd8 Rxd8 25. Qc2 Qd7 26. Qc7 Qxc7 27. Bxc7 Rd7 28. Rxa7 h5 29. Bxb6 Rd2 30. b4 Rxb2 31. Bc5 Kg8 32. Ra8+ Kf7 33. Ra7+ Kg8 34. Bd6 g5 35. f4 g4 36. Kg2 h4 37. h3 f5 38. hxg4 fxg4 39. f5 Bd4 40. Ra8+ Kf7 41. Bc5 Rxf2+ 42. Kh1 Bxc5 43. bxc5 Rxf5 44. c6 Rc5 45. Ra7+ Kg6 46. Rd7 Kg5 47. c7 h3 48. Rd5+ Rxd5 49. c8Q Rf5 50. Qc3 Kf4 51. Qd2+ Ke5 52. Qe1+ Kf6 53. Qd1 Kg5 54. Qd6 Rf4 55. Qe7+ Kf5 56. Qh7+ Ke5 57. Qg7+ Ke4 58. Qe7+ Kf3 59. Qd6 Kg3 60. Qd3+ Rf3 61. Qf1 Kh4 62. Qg1 Kg5 63. Qh2 g3 64. Qxg3+ Rxg3 0-1

[Event "Chess.com Bullet op1"]
[Site "Chess.com INT"]
[Date "2020.12.19"]
[Round "11"]
[White "Trent, Lawrence"]
[Black "Shetty, Atulya"]
[Result "0-1"]
[WhiteElo "2399"]
[BlackElo "2437"]
[PlyCount "124"]
[EventDate "2020.12.19"]
[EventType "swiss (blitz)"]
[EventRounds "21"]
[EventCountry "USA"]
[SourceTitle "EXT 2022"]
[Source "ChessBase"]
[SourceDate "2021.10.06"]
[SourceVersion "1"]
[SourceVersionDate "2021.10.06"]
[SourceQuality "1"]

1. b3 d5 2. Bb2 c6 3. e3 Nf6 4. Nf3 g6 5. Be2 Bg7 6. 0-0 0-0 7. Ne5 Bf5 8. f4 Nbd7 9. d3 Nxe5 10. fxe5 Nd7 11. d4 f6 12. exf6 exf6 13. Nd2 Re8 14. Rxf5 gxf5 15. Bd3 Rxe3 16. Bxf5 Nf8 17. Qh5 Qe8 18. Qg4 Re1+ 19. Rxe1 Qxe1+ 20. Nf1 Re8 21. h4 Qe2 22. Qg3 Qd1 23. Bd3 Qe1 24. Qg4 Qe6 25. Bf5 Qe2 26. Qg3 Kf7 27. h5 Qxh5 28. Bg4 Qg5 29. Bc3 h5 30. Bf3 Qxg3 31. Nxg3 h4 32. Bh5+ Ng6 33. Nf5 Rh8 34. Bf3 Bf8 35. Bd2 Be7 36. c4 dxc4 37. bxc4 h3 38. d5 hxg2 39. dxc6 bxc6 40. Bxc6 Ne5 41. Bd5+ Kf8 42. Kxg2 Bc5 43. Bh6+ Ke8 44. Bg7 Rh4 45. Bxf6 Rf4 46. Kh3 Rxf5 47. Bxe5 Rxe5 48. Bc6+ Ke7 49. Bd5 Kd6 50. Kg4 Re3 51. Kf4 Ra3 52. Ke4 Rxa2 53. Kf5 Ra3 54. Kg6 Re3 55. Kf7 a5 56. Kg8 a4 57. Kf7 a3 58. Be4 a2 59. Bb1 a1Q 60. Kg6 Qe5 61. Kh7 Qf4 62. Kh8 Rg3 0-1